Gaming Quiz

Random Gaming Quiz

Homophones triple Quiz Stats

 Plays Quiz not verified by Sporcle

Challenge
Share
Tweet
Embed
Score 0/6 Timer 12:00
0 Plays Today
Hint Answer % Correct
direction,number,also???
92.3%
mark letters,correct,religious act???
84.6%
pull a vehicle,kick,amphibian???
69.2%
reason,knitting,scatter seeds???
61.5%
area,see,ouote???
46.2%
no money,serve drink,skin opens???
0%

You're not logged in!

Compare scores with friends on all Sporcle quizzes.
OR
Log In

You Might Also Like...

Show Comments

Extras

Created Jul 9, 2015SourceReportNominate
Tags:homo

Top Quizzes Today


Score Distribution

Your Account Isn't Verified!

In order to create a playlist on Sporcle, you need to verify the email address you used during registration. Go to your Sporcle Settings to finish the process.

Report this User

Report this user for behavior that violates our Community Guidelines.

Details: